000 00708nam a22002537a 4500
003 CHAP
005 20220805153308.0
008 971014s1928 r 00010 d
010 _a62713
011 _a63685
035 _a67862
040 _cCHAP
090 _aFolleto 1162
100 0 0 _aYoungs, F. O.
_9123248
245 _aSoils survey of the Gila Bend area, Arizona
260 _aWashington :
_bBureau of Chemistry and Soils,
_c1928
300 _a22 p.
_b: ilus. ; mapa
590 _aBATCH-UPD
_b10
_c20130110
590 _aCONVERSION
_b10
_c20130109
650 1 4 _aSuelos
_xArizona.
_9110209
901 _aBK
942 _cFOLL
_2local
949 _aFolleto 1162
_bBC
_cFAO
_d-154107
_eFolleto
_i67862
_si
999 _c62713
_d62713